| 000 | 02272nam a22002897a 4500 | ||
|---|---|---|---|
| 005 | 20160212081629.0 | ||
| 008 | 130821s1588 sp fr 1 mulsd | ||
| 040 |
_aCo-BoUCM _bspa _cSandra Yazo _dSandra Yazo |
||
| 041 | 0 |
_aspa _alat |
|
| 082 | 0 | 4 |
_a349.46 _220 |
| 092 | _aE02N122 | ||
| 100 | 1 |
_aVelázquez de Avendaño, Luis _975468 |
|
| 242 | 0 | 0 |
_aComentarios útiles de las Leyes de Toro, promulgadas por los Reyes de las Españas Fernando y Juana, de feliz memoria _cpor Luis Velázquez de Avendaño _yspa |
| 245 | 1 | 0 |
_aLegum Taurinarum a Ferdinando & Ioana Hispaniarum regibus, foelicis recordationis utilissima glosa sequitur _ca Ludovico Velazquez de Avendaño |
| 260 |
_aToleti [Toledo] (España) _bApud Ioannem, & Petrum Rodriguez fratres, atque Typographos [En los talleres de los hermanos tipógrafos Juan y Pedro Rodríguez] _c1588 |
||
| 300 |
_a[11] páginas, 204 folios, [44] páginas _c28 x 20 cm. |
||
| 500 | _aDetalles físicos: Encuadernado flexible en pergamino. Tapas y lomo con arrugas, sucias y en tapa delantera con un corte y un remiendo. Guardas parciales, la delantera con la firma de Fray Cristóbal de Torres. Portada impresa en una sola tinta. Mayúsculas capitales. Cenefas y remates. Privilegio real. Texto impreso en dos columnas con diferentes tipos de letra. Sumarios. Párrafos numerados. Signaturas y reclamos. Colofón al final del índice y del texto. Notorio doblez en hojas al final del texto. Deformación del plano por humedad. Papel manchado. Perteneció a la biblioteca de Fray Cristóbal de Torres | ||
| 505 | 0 | _aComentarios a la primera y segunda parte de las Leyes de Toro | |
| 506 | _aConsulta en sala | ||
| 546 | _aTexto en latín y español antiguo | ||
| 650 | 7 |
_aDerecho español _xObras anteriores a 1800 _938257 |
|
| 650 | 7 |
_aDerecho antiguo _zEspaña _xObras anteriores a 1800 _962837 |
|
| 650 | 7 |
_aLegislación _zEspaña _xObras anteriores a 1800 _97782 |
|
| 690 |
_942766 _aDerecho civil |
||
| 856 | 4 | 1 |
_uhttps://books.google.com.co/books?id=C-B7_pdS5ysC&pg=RA8-PT5&dq=Legum+Taurinarum+a+Ferdinando+et+Ioana+Hispaniarum+regibus+1588&hl=es&sa=X&redir_esc=y#v=onepage&q=Legum Taurinarum a Ferdinando et Ioana Hispaniarum regibus 1588&f=false _zDisponible en línea |
| 942 |
_cLIBRO _a8 _e1 _2LOCAL _hE02N122 |
||
| 999 |
_c67531 _d67531 |
||